00393 2200157 4500001002100000008004100021035002000062245003600082100001500118260002400133300002200157020002200179084001400201082000800215990001200223INLIS000000000002839 IND  a0010-0925000186 aMenuju Merdeka 100%cTan Malaka aTan Malaka aYogyabNarasic2019 a180c(15 x 23 cm) a978-602-1588-29-1 a813 TAN c a813 a0755061